Drucker : the man who insented the corporate society / (Record no. 18472)
[ view plain ]
| 000 -LEADER | |
|---|---|
| fixed length control field | 00278nam a2200097Ic 4500 |
| 008 - FIXED-LENGTH DATA ELEMENTS--GENERAL INFORMATION | |
| fixed length control field | 240520s9999 xx 000 0 und d |
| 100 1# - MAIN ENTRY--PERSONAL NAME | |
| Personal name | Tarnant, John |
| 245 10 - TITLE STATEMENT | |
| Title | Drucker : the man who insented the corporate society / |
| Statement of responsibility, etc. | John Tarnant |
| 264 #1 - PRODUCTION, PUBLICATION, DISTRIBUTION, MANUFACTURE, AND COPYRIGHT NOTICE | |
| Name of producer, publisher, distributor, manufacturer | [S.l. : s.n.] |
| Date of production, publication, distribution, manufacture, or copyright notice | 1980 |
| 942 ## - ADDED ENTRY ELEMENTS (KOHA) | |
| Koha item type | Books |
| Withdrawn status | Lost status | Damaged status | Not for loan | Home library | Current library | Shelving location | Date acquired | Inventory number | Total checkouts | Date last seen | Price effective from | Koha item type |
|---|---|---|---|---|---|---|---|---|---|---|---|---|
| Main Library | Main Library | Circulation Section | 05/27/2024 | 2150 | 05/27/2024 | 05/27/2024 | Books |
